Dynamics of structures: theory and applications to earthquake engineering
Gorde:
| Egile nagusia: | |
|---|---|
| Formatua: | Liburua |
| Hizkuntza: | ingelesa |
| Argitaratua: |
Upper Saddle River
Pearson Education
2007
|
| Edizioa: | 3a. ed |
| Saila: | Prentice Hall International series in Civil Engineering and Engineering Mechanics
|
| Gaiak: | |
| Etiketak: |
Etiketa erantsi
Etiketarik gabe, Izan zaitez lehena erregistro honi etiketa jartzen!
|
MARC
| LEADER | 00000nam a2200000 a 4500 | ||
|---|---|---|---|
| 001 | UCH9927 | ||
| 003 | CL-VaPUC | ||
| 008 | 100304e20070000us |||||||||||||||||eng|d | ||
| 020 | |a 013156174X | ||
| 082 | 0 | 4 | |a 624.1762 |b CHO |2 21 |
| 100 | 0 | |a Chopra, Anil K |e author |9 547229 | |
| 245 | 1 | 0 | |a Dynamics of structures: theory and applications to earthquake engineering |
| 250 | |a 3a. ed | ||
| 300 | |a 876 p | ||
| 942 | |c BK | ||
| 945 | |d 20100304 00:00:00 |a cmena | ||
| 260 | |a Upper Saddle River |b Pearson Education |c 2007 | ||
| 650 | 0 | |a Ingeniería de terremotos |9 547230 | |
| 650 | 7 | |a DINAMICA DE ESTRUCTURAS |2 CL-VaPUC |9 547231 | |
| 650 | 0 | |a Diseño estructural |9 498280 | |
| 650 | 0 | |a Edificios |9 260501 | |
| 650 | 0 | |a Sistemas lineales |9 384816 | |
| 583 | |a last modification |c 20171204 01:25:58 |k Rodrigo Vera | ||
| 490 | 0 | |a Prentice Hall International series in Civil Engineering and Engineering Mechanics | |
| 999 | |c 339751 |d 339749 | ||
| 952 | |0 0 |1 0 |4 0 |6 624_176200000000000_CHO_2007 |7 0 |8 A |9 433590 |a BIBING |b BIBING |d 2019-11-22 |i 4649702 |o 624.1762 CHO 2007 |p 4649702 |r 2025-01-20 |w 2019-11-22 |y BK |k CIC | ||
| 952 | |0 0 |1 0 |4 0 |6 624_176200000000000_CHO_2007 |7 0 |8 A |9 433591 |a BIBING |b BIBING |d 2019-11-22 |i 4649710 |o 624.1762 CHO 2007 |p 4649710 |r 2025-01-20 |w 2019-11-22 |y BK |k CIC | ||
| 952 | |0 0 |1 0 |4 0 |6 624_176200000000000_CHO_2007 |7 0 |8 A |9 433592 |a BIBING |b BIBING |d 2019-11-22 |i 4649729 |l 1 |o 624.1762 CHO 2007 |p 4649729 |r 2025-01-20 |s 2023-03-20 |w 2019-11-22 |y BK |k CIC | ||